[Event "Pierrevert op"]
[Site "Pierrevert"]
[Date "2004.??.??"]
[Round "?"]
[White "Vecchiato, Eric"]
[Black "Milesi, Laurent"]
[Result "0-1"]
[WhiteElo "1880"]
[BlackElo "2228"]
[PlyCount "50"]
[EventDate "2004.??.??"]
[EventType "swiss (rapid)"]
[EventRounds "9"]
[EventCountry "FRA"]
[SourceTitle "EXT 2005"]
[Source "ChessBase"]
[SourceDate "2004.11.15"]
[SourceVersion "1"]
[SourceVersionDate "2004.11.15"]
[SourceQuality "1"]

1. d4 Nf6 2. c4 g6 3. Nc3 d5 4. cxd5 Nxd5 5. Bd2 Bg7 6. e4 Nb6 7. Nf3 0-0 8. d5 c6 9. dxc6 Nxc6 10. Be2 Be6 11. 0-0 Nc4 12. Bxc4 Bxc4 13. Re1 b5 14. a3 Na5 15. b4 Nb3 16. Ra2 Nd4 17. Rb2 Ne2+ 18. Rxe2 Bxc3 19. Rc2 Bxe2 20. Qxe2 Bxd2 21. Rxd2 Qc7 22. Rc2 Qb6 23. Ne5 Rac8 24. Nd7 Rxc2 25. Qxc2 Qd4 0-1